Pays avec les plus grandes chutes de neige annuelles - Statistiques

Statistiques générales
  • Ce quiz a été pris 45 fois
  • Le résultat moyen est 6 sur 7
Statistiques - réponses
Hint Réponse % Correct
1 500 cm Etats-Unis
100%
900 cm Canada
98%
300 cm Finlande
91%
600 cm Norvège
91%
250 cm Islande
84%
+ 1 200 cm Japon
61%
500 cm Suisse
61%
Aucun quiz correspondant
Distribution des résultats
% des personnes avec chaque résultat
Percentile par nombre de réponses
Votre historique - résultats
Vous n’avez pas pris ce quiz